000 02162cam a22004214a 4500
001 14138214
003 NUST
005 20241113121803.0
008 051007s2006 nyua b 001 0 eng
010 _a 2005029453
016 7 _a101259074
_2DNLM
020 _a0521840988 (hardback)
020 _a0521600820 (pbk.)
020 _a9780521840989
020 _a9780521600828
035 _a(OCoLC)ocm62078278
040 _aDNLM/DLC
_cDLC
_dYDX
_dNLM
_dBAKER
_dIXA
_dDLC
042 _apcc
050 0 0 _aQH324.2
_b.X56 2006
060 0 0 _a2006 E-519
060 1 0 _aQU 26.5
_bX6e 2006
082 0 0 _a572.80285
_222
100 1 _aXiong, Jin.
_9126910
245 1 0 _aEssential bioinformatics /
_cJin Xiong.
260 _aNew York :
_bCambridge University Press,
_c2006.
300 _axi, 339 p. :
_bill. (some col.) ;
_c27 cm.
504 _aIncludes bibliographical references and index.
505 0 _aIntroduction to biological databases -- Pairwise sequence alignment -- Database similarity searching -- Multiple sequence alignment -- Profiles and hidden Markov models -- Protein motifs and domain prediction -- Gene prediction -- Promoter and regulatory element prediction -- Phylogenetics basics -- Phylogenetic tree construction methods and programs -- Protein structure basics -- Protein structure visualization, comparision, and classification -- Protein secondary structure prediction -- Protein tertiary structure prediction -- RNA structure prediction -- Genome mapping, assembly, and comparison -- Functional genomics -- Proteomics.
650 0 _aBioinformatics.
_913954
650 1 2 _aComputational Biology.
_9957
700 _4Catalouge by Rani Shaista Kanwal
856 4 1 _3Table of contents only
_uhttp://www.loc.gov/catdir/toc/ecip061/2005029453.html
856 4 2 _3Publisher description
_uhttp://www.loc.gov/catdir/enhancements/fy0659/2005029453-d.html
856 4 2 _3Contributor biographical information
_uhttp://www.loc.gov/catdir/enhancements/fy0733/2005029453-b.html
906 _a7
_bcbc
_corignew
_d1
_eecip
_f20
_gy-gencatlg
942 _2ddc
_cBK
999 _c612303
_d612303